UM Logo

Career education : (Record no. 7067)

MARC details
000 -LEADER
fixed length control field 01789nam a22002177a 4500
008 - FIXED-LENGTH DATA ELEMENTS--GENERAL INFORMATION
fixed length control field 170721b xxu||||| |||| 00| 0 eng d
020 ## - INTERNATIONAL STANDARD BOOK NUMBER
International Standard Book Number 0-02-315062-9
082 ## - DEWEY DECIMAL CLASSIFICATION NUMBER
Edition number 1995
Classification number DC 371.9044
Item number C18
100 ## - MAIN ENTRY--PERSONAL NAME
9 (RLIN) 21380
Personal name Brolin, Donn E.
245 ## - TITLE STATEMENT
Title Career education :
Remainder of title a functional life skills approach /
Statement of responsibility, etc. Donn E. Brolin.
250 ## - EDITION STATEMENT
Edition statement Third Education
260 ## - PUBLICATION, DISTRIBUTION, ETC. (IMPRINT)
Place of publication, distribution, etc. Englewood Cliffs, N.J. :
Name of publisher, distributor, etc. Merrill,
Date of publication, distribution, etc. c1995.
300 ## - PHYSICAL DESCRIPTION
Extent xviii, 525 pages :
Other physical details illustrations ;
Dimensions 25 cm.
500 ## - GENERAL NOTE
General note Includes bibliographical references and indexes.
505 ## - FORMATTED CONTENTS NOTE
Formatted contents note Pt. 1. Introduction. Ch. 1. Education of students with special learning needs. Ch. 2. A functional skills curriculum approach. Ch. 3. Life-centered career education curriculum -- Pt. 2. Family and community resources. Ch. 4. Family involvement / Michael Wehmeyer and Sharon Davis. Ch. 5. Agencies, organizations, and informational resources. Ch. 6. Business and industry involvement -- Pt. 3. Instructional planning. Ch. 7. Functional/Career assessment / Donn E. Brolin and Stephen W. Thomas. Ch. 8. Individualized educational and transition planning / Iva Dean Cook, Carol Opperman and Melody Thurman-Urbanic. Ch. 9. Instructional materials and resources / Iva Dean Cook, Carol Opperman and Melody Thurman-Urbanic -- Pt. 4. Instructional delivery. Ch. 10. Daily living skills. Ch. 11. Personal-Social skills. Ch. 12. Occupational guidance and preparation -- Pt. 5. Implementation. Ch. 13. Career education programs. Ch. 14. Issues and future directions.
650 #0 - SUBJECT ADDED ENTRY--TOPICAL TERM
9 (RLIN) 21381
Topical term or geographic name as entry element Children with disabilities -- Vocational education -- United States.
650 #0 - SUBJECT ADDED ENTRY--TOPICAL TERM
9 (RLIN) 21382
Topical term or geographic name as entry element Career education -- United States.
650 #0 - SUBJECT ADDED ENTRY--TOPICAL TERM
9 (RLIN) 21383
Topical term or geographic name as entry element Children with disabilities -- United States -- Life skills guides.
365 ## - TRADE PRICE
Price amount 3,672.00
Currency code Php
942 ## - ADDED ENTRY ELEMENTS (KOHA)
Source of classification or shelving scheme Dewey Decimal Classification
Koha item type Circulation
Holdings
Withdrawn status Lost status Source of classification or shelving scheme Damaged status Not for loan Collection code Home library Current library Date acquired Source of acquisition Cost, normal purchase price Total Checkouts Full call number Barcode Date last seen Copy number Price effective from Koha item type
    Dewey Decimal Classification     Circulation UM Digos College - LIC UM Digos College - LIC 04/04/2000 Purchased 3672.00   DC 371.9044 C18 1995 14111 05/15/2025 1 07/21/2017 Circulation